[Event "BL 2223 (Women)"]
[Site "Germany"]
[Date "2023.03.12"]
[Round "8.4"]
[White "Rosmait, Emily"]
[Black "Troyke, Doreen"]
[Result "1-0"]
[WhiteElo "1901"]
[BlackElo "2001"]
[PlyCount "65"]
[EventDate "2022.10.15"]
[EventType "team-tourn"]
[EventRounds "11"]
[EventCountry "GER"]
[SourceTitle "CBM 213 Extra"]
[Source "ChessBase"]
[SourceDate "2023.05.31"]
[SourceVersion "1"]
[SourceVersionDate "2023.05.31"]
[SourceQuality "1"]
[WhiteTeam "Harksheide (W)"]
[BlackTeam "Erfurt Medizin (W)"]
[WhiteTeamCountry "GER"]
[BlackTeamCountry "GER"]

1. e4 c5 2. Nf3 Nc6 3. Bb5 g6 4. Bxc6 dxc6 5. h3 Bg7 6. d3 Nf6 7. Be3 Nd7 8. Qc1 h6 9. Nbd2 e5 10. Nb3 Qe7 11. 0-0 b6 12. a4 a5 13. Nh2 Ba6 14. Nd2 0-0-0 15. f4 exf4 16. Rxf4 Nf8 17. Qf1 Rd7 18. Ng4 Ne6 19. Rf2 Nd4 20. Nf3 Nxf3+ 21. Rxf3 h5 22. Nf6 Rd6 23. Bg5 Qe6 24. Re1 c4 25. e5 Rdd8 26. Ne4 Rd7 27. Nd6+ Kb8 28. d4 Rf8 29. c3 Qd5 30. Ne4 Bc8 31. Nf6 Bxf6 32. Rxf6 Rb7 33. Rd6 1-0

[Event "BL 1920 (Women)"]
[Site "Germany"]
[Date "2019.12.15"]
[Round "4.5"]
[White "Troyke, Doreen"]
[Black "Barpiyeva, Gulsana"]
[Result "1/2-1/2"]
[WhiteElo "2036"]
[BlackElo "2009"]
[PlyCount "90"]
[EventDate "2019.09.14"]
[EventType "team-tourn"]
[EventRounds "11"]
[EventCountry "GER"]
[SourceTitle "CBM 194 Extra"]
[Source "ChessBase"]
[SourceDate "2020.03.31"]
[SourceVersion "1"]
[SourceVersionDate "2020.03.31"]
[SourceQuality "1"]
[WhiteTeam "Erfurt Medizin (W)"]
[BlackTeam "Hofheim (W)"]
[WhiteTeamCountry "GER"]
[BlackTeamCountry "GER"]

1. g3 c5 2. c4 Nc6 3. Bg2 g6 4. Nf3 Bg7 5. 0-0 Nf6 6. Nc3 0-0 7. d3 d6 8. Rb1 a6 9. a3 Rb8 10. b4 cxb4 11. axb4 b5 12. cxb5 axb5 13. Bg5 Be6 14. Qd2 Qd7 15. Rfc1 Rfc8 16. Bh6 Bh8 17. Qd1 Nd5 18. Nxd5 Bxd5 19. Qd2 Ra8 20. Rc2 Ra3 21. Ng5 Bxg2 22. Kxg2 Nd4 23. Rxc8+ Qxc8 24. Qf4 f5 25. Qd2 Ne6 26. Nxe6 Qxe6 27. Rc1 Kf7 28. Rc7 Ra2 29. Rc2 Rxc2 30. Qxc2 Qd5+ 31. f3 Bg7 32. Bxg7 Kxg7 33. Qc7 Qe5 34. Kf2 Kf7 35. Qb6 Kf6 36. Kf1 Qa1+ 37. Kf2 Qe5 38. Kf1 g5 39. Kf2 h5 40. Kf1 h4 41. gxh4 gxh4 42. Qf2 Qf4 43. e4 fxe4 44. dxe4 e6 45. Kg2 Kg5 1/2-1/2

[Event "BL2 Sued 1819 (Women)"]
[Site "Germany"]
[Date "2018.11.18"]
[Round "4.1"]
[White "Troyke, Doreen"]
[Black "Woniak, Katarzyna"]
[Result "1-0"]
[WhiteElo "2069"]
[BlackElo "1944"]
[PlyCount "113"]
[EventDate "2018.10.27"]
[EventType "team-tourn"]
[EventRounds "7"]
[EventCountry "GER"]
[SourceTitle "CBM 190 Extra"]
[Source "ChessBase"]
[SourceDate "2019.07.15"]
[SourceVersion "1"]
[SourceVersionDate "2019.07.15"]
[SourceQuality "1"]
[WhiteTeam "Erfurt Medizin (W)"]
[BlackTeam "Augsburg (W)"]
[WhiteTeamCountry "GER"]
[BlackTeamCountry "GER"]

1. c4 e6 2. g3 d5 3. Nf3 c6 4. cxd5 exd5 5. Bg2 Bd6 6. b3 Nf6 7. Bb2 Nbd7 8. Nc3 Nf8 9. Qc2 Ne6 10. 0-0 0-0 11. d4 Nh5 12. e4 dxe4 13. Nxe4 Be7 14. Rfd1 f5 15. Nc3 Nc7 16. Ne5 Nd5 17. Nxd5 cxd5 18. Qe2 Nf6 19. Rac1 Ne4 20. f3 Ng5 21. Nd3 Bf6 22. Nf4 Qd6 23. Rc5 Ne6 24. Nxe6 Bxe6 25. f4 Rac8 26. Ba3 Qd7 27. Qxe6+ Qxe6 28. Bxd5 Qxd5 29. Rxd5 Rfe8 30. Rd2 Rcd8 31. Rxd8 Rxd8 32. d5 Rd7 33. Kf2 Kf7 34. Ke3 Be7 35. Bxe7 Kxe7 36. Kd4 Kf6 37. Re2 Kf7 38. Re6 Kf8 39. Ke5 Kf7 40. d6 g6 41. h4 Kf8 42. Rf6+ Ke8 43. Ke6 Rg7 44. h5 gxh5 45. Rxf5 b6 46. Rxh5 Rxg3 47. Rxh7 Re3+ 48. Kd5 Rd3+ 49. Kc6 Rc3+ 50. Kb7 Rc2 51. Kxa7 Rxa2+ 52. Kxb6 Rb2 53. Kc6 Rc2+ 54. Kd5 Rd2+ 55. Ke5 Re2+ 56. Kf6 Re3 57. Re7+ 1-0

[Event "BL 1718 (Women)"]
[Site "Germany"]
[Date "2018.01.28"]
[Round "7.3"]
[White "Troyke, Doreen"]
[Black "Arakhamia Grant, Ketevan"]
[Result "0-1"]
[WhiteElo "2085"]
[BlackElo "2369"]
[PlyCount "70"]
[EventDate "2017.10.01"]
[EventType "team-tourn"]
[EventRounds "11"]
[EventCountry "GER"]
[SourceTitle "EXT 2019"]
[Source "ChessBase"]
[SourceDate "2018.10.10"]
[SourceVersion "1"]
[SourceVersionDate "2018.10.10"]
[SourceQuality "1"]
[WhiteTeam "Erfurt Medizin (W)"]
[BlackTeam "Baden-Baden (W)"]
[WhiteTeamCountry "GER"]
[BlackTeamCountry "GER"]

1. c4 e5 2. g3 Nc6 3. Bg2 g6 4. Nc3 Bg7 5. e3 d6 6. Nge2 Nge7 7. 0-0 h5 8. h3 Be6 9. Nd5 Qd7 10. Kh2 0-0 11. d3 Nd8 12. Bd2 c6 13. Nxe7+ Qxe7 14. Bc3 h4 15. g4 f5 16. gxf5 Bxf5 17. e4 Bd7 18. d4 Ne6 19. d5 Ng5 20. Ng1 Rf7 21. Qe2 Raf8 22. Rad1 cxd5 23. Rxd5 Bc6 24. Rd2 Rf4 25. f3 Ne6 26. Qd1 R4f6 27. Ne2 Ng5 28. Ng1 Bh6 29. Rd3 Ne6 30. Rxd6 Nf4 31. Bb4 Rxd6 32. Qxd6 Qg5 33. Qd2 Rd8 34. Qc2 Nd3 35. Bc3 Qg3+ 0-1

[Event "BL 1718 (Women)"]
[Site "Germany"]
[Date "2017.11.18"]
[Round "2.2"]
[White "Troyke, Doreen"]
[Black "Fuchs, Judith"]
[Result "0-1"]
[WhiteElo "2085"]
[BlackElo "2326"]
[PlyCount "90"]
[EventDate "2017.10.01"]
[EventType "team-tourn"]
[EventRounds "11"]
[EventCountry "GER"]
[SourceTitle "EXT 2019"]
[Source "ChessBase"]
[SourceDate "2018.10.10"]
[SourceVersion "1"]
[SourceVersionDate "2018.10.10"]
[SourceQuality "1"]
[WhiteTeam "Erfurt Medizin (W)"]
[BlackTeam "Hamburger SK (W)"]
[WhiteTeamCountry "GER"]
[BlackTeamCountry "GER"]

1. c4 b6 2. Nc3 Bb7 3. d4 e6 4. e3 Nf6 5. Nf3 Bb4 6. Bd2 0-0 7. Bd3 Bxc3 8. Bxc3 Ne4 9. Bxe4 Bxe4 10. d5 c5 11. dxc6 dxc6 12. Qd4 Qxd4 13. Nxd4 e5 14. Nf3 f6 15. Rd1 Na6 16. 0-0 Rfd8 17. Rd2 Rxd2 18. Nxd2 Bg6 19. b3 Rd8 20. Nf3 Nc5 21. h3 Ne4 22. Bb2 Nd2 23. Ra1 Nxf3+ 24. gxf3 Rd2 25. Bc3 Rc2 26. Be1 Rb2 27. e4 Kf8 28. Kg2 Ke7 29. Bb4+ c5 30. Ba3 Rd2 31. Bc1 Rd3 32. Be3 Bh5 33. Rb1 Bf7 34. Rc1 a5 35. Rb1 Kd7 36. Rb2 Kc7 37. Rd2 Rc3 38. f4 Bg6 39. f5 Bf7 40. Rb2 g6 41. Bd2 Rd3 42. Bh6 gxf5 43. exf5 Be8 44. f4 Bc6+ 45. Kf1 Rxh3 0-1

[Event "BL 1617 (Women)"]
[Site "Germany"]
[Date "2017.04.30"]
[Round "10.2"]
[White "Troyke, Doreen"]
[Black "Brandt, Carina"]
[Result "1/2-1/2"]
[WhiteElo "2105"]
[BlackElo "2042"]
[PlyCount "85"]
[EventDate "2016.10.22"]
[EventType "team-tourn"]
[EventRounds "11"]
[EventCountry "GER"]
[SourceTitle "EXT 2018"]
[Source "ChessBase"]
[SourceDate "2017.10.13"]
[SourceVersion "1"]
[SourceVersionDate "2017.10.13"]
[SourceQuality "1"]
[WhiteTeam "Erfurt Medizin (W)"]
[BlackTeam "Harksheide (W)"]
[WhiteTeamCountry "GER"]
[BlackTeamCountry "GER"]

1. c4 g6 2. g3 Bg7 3. Bg2 d6 4. Nc3 e5 5. e3 f5 6. Nge2 Nf6 7. 0-0 0-0 8. d4 Nbd7 9. b3 c6 10. Ba3 Ne8 11. dxe5 Nxe5 12. Qd2 Nf7 13. Rad1 Qa5 14. Bb2 Ne5 15. f4 Ng4 16. h3 Ngf6 17. Kh2 Be6 18. Nd4 Bf7 19. Rfe1 Rd8 20. Nf3 Nc7 21. e4 fxe4 22. Nxe4 Qxd2 23. Rxd2 Nxe4 24. Rxe4 Bxb2 25. Rxb2 Rde8 26. Rbe2 d5 27. cxd5 Nxd5 28. Rxe8 Rxe8 29. Ne5 a5 30. Rd2 Be6 31. Bf3 a4 32. bxa4 Ra8 33. Rb2 Rxa4 34. Rxb7 Rxa2+ 35. Kg1 Rc2 36. h4 Rc3 37. Ra7 c5 38. Ra6 Bf7 39. Ra8+ Kg7 40. Ra7 Kg8 41. Ra8+ Kg7 42. Ra7 Kg8 43. Ra8+ 1/2-1/2

[Event "BL 1617 (Women)"]
[Site "Germany"]
[Date "2017.03.26"]
[Round "8.2"]
[White "Troyke, Doreen"]
[Black "Mader, Manuela"]
[Result "1-0"]
[WhiteElo "2105"]
[BlackElo "2170"]
[PlyCount "83"]
[EventDate "2016.10.22"]
[EventType "team-tourn"]
[EventRounds "11"]
[EventCountry "GER"]
[SourceTitle "EXT 2018"]
[Source "ChessBase"]
[SourceDate "2017.10.13"]
[SourceVersion "1"]
[SourceVersionDate "2017.10.13"]
[SourceQuality "1"]
[WhiteTeam "Erfurt Medizin (W)"]
[BlackTeam "Karlsruhe (W)"]
[WhiteTeamCountry "GER"]
[BlackTeamCountry "GER"]

1. c4 Nf6 2. g3 c6 3. Bg2 d5 4. Nf3 Bf5 5. 0-0 e6 6. b3 Be7 7. Bb2 h6 8. d3 0-0 9. Nbd2 a5 10. a3 Na6 11. Re1 Bh7 12. Ne5 Qc7 13. d4 Rfd8 14. Rc1 Bd6 15. Ndf3 Ne4 16. e3 Rac8 17. Nd3 b6 18. Qe2 Qb7 19. Nfe5 Bf8 20. Red1 c5 21. h4 Nf6 22. Nf4 Be4 23. f3 Bh7 24. Bh3 Nc7 25. Nfd3 a4 26. b4 dxc4 27. Nxc4 cxb4 28. Nxb4 Bxb4 29. axb4 Ncd5 30. b5 Nc7 31. Ne5 Qd5 32. Nc6 Rd7 33. e4 Qa2 34. Ra1 Qb3 35. Ra3 Qxb5 36. Qxb5 Nxb5 37. Rxa4 Bg6 38. Ne5 Rd6 39. Nxg6 Rc2 40. e5 fxg6 41. exd6 Rxb2 42. d7 1-0

[Event "BL 1617 (Women)"]
[Site "Germany"]
[Date "2017.03.25"]
[Round "7.2"]
[White "Kovalevskaya, Ekaterina"]
[Black "Troyke, Doreen"]
[Result "1-0"]
[WhiteElo "2437"]
[BlackElo "2105"]
[PlyCount "107"]
[EventDate "2016.10.22"]
[EventType "team-tourn"]
[EventRounds "11"]
[EventCountry "GER"]
[SourceTitle "EXT 2018"]
[Source "ChessBase"]
[SourceDate "2017.10.13"]
[SourceVersion "1"]
[SourceVersionDate "2017.10.13"]
[SourceQuality "1"]
[WhiteTeam "Baden-Baden (W)"]
[BlackTeam "Erfurt Medizin (W)"]
[WhiteTeamCountry "GER"]
[BlackTeamCountry "GER"]

1. e4 c5 2. Nf3 Nc6 3. Bb5 g6 4. Bxc6 dxc6 5. d3 Bg7 6. h3 Nf6 7. Nc3 0-0 8. Be3 b6 9. Qd2 Re8 10. Bh6 Qc7 11. Bxg7 Kxg7 12. 0-0 e5 13. b3 h6 14. Ne2 Be6 15. Qc3 Nd7 16. Nh2 Kh7 17. f4 exf4 18. Nxf4 Qe5 19. Qd2 Qd4+ 20. Kh1 Ne5 21. Rad1 Red8 22. c3 Qd6 23. Qc1 Qe7 24. d4 Nd7 25. Nxe6 fxe6 26. Ng4 g5 27. dxc5 bxc5 28. e5 Rf8 29. Qe3 Kg7 30. Rxf8 Rxf8 31. Qe4 h5 32. Nh2 Rf4 33. Qe3 Nf8 34. Rd6 Ng6 35. Rxc6 g4 36. Qxc5 Qh4 37. Rc7+ Kh6 38. Qe3 Qd8 39. Rc4 Qd1+ 40. Qg1 Qxg1+ 41. Kxg1 Rxc4 42. bxc4 Nxe5 43. hxg4 hxg4 44. Kf2 Kg5 45. Ke3 Nxc4+ 46. Kd4 Nd2 47. Ke3 Nc4+ 48. Kd3 Na5 49. g3 Kf5 50. Nf1 Nb7 51. Ne3+ Kg5 52. Kd4 Nd6 53. Ke5 Nf5 54. Nf1 1-0

[Event "BL 1617 (Women)"]
[Site "Germany"]
[Date "2017.03.04"]
[Round "5.1"]
[White "Javakhishvili, Lela"]
[Black "Troyke, Doreen"]
[Result "1-0"]
[WhiteElo "2461"]
[BlackElo "2105"]
[PlyCount "49"]
[EventDate "2016.10.22"]
[EventType "team-tourn"]
[EventRounds "11"]
[EventCountry "GER"]
[SourceTitle "EXT 2018"]
[Source "ChessBase"]
[SourceDate "2017.10.13"]
[SourceVersion "1"]
[SourceVersionDate "2017.10.13"]
[SourceQuality "1"]
[WhiteTeam "Schwaebisch Hall (W)"]
[BlackTeam "Erfurt Medizin (W)"]
[WhiteTeamCountry "GER"]
[BlackTeamCountry "GER"]

1. d4 d5 2. c4 e6 3. Nc3 Nf6 4. cxd5 exd5 5. Bg5 Be7 6. e3 c6 7. Qc2 0-0 8. Bd3 h6 9. Bh4 Be6 10. Nge2 Nbd7 11. Nf4 Ng4 12. Bg3 Bh4 13. 0-0-0 Rc8 14. Qe2 Bxg3 15. hxg3 Ngf6 16. g4 c5 17. Nxe6 fxe6 18. f4 Qc7 19. g3 Qa5 20. Kb1 Rc6 21. g5 Rb6 22. gxf6 Qxc3 23. fxg7 Rf7 24. Rxh6 Rxg7 25. Rxe6 1-0

[Event "Wunsiedel op 10th"]
[Site "Wunsiedel"]
[Date "2016.05.05"]
[Round "1"]
[White "Troyke, Doreen"]
[Black "Danin, Alexandre"]
[Result "0-1"]
[WhiteElo "2093"]
[BlackElo "2581"]
[PlyCount "94"]
[EventDate "2016.05.05"]
[EventType "swiss"]
[EventRounds "7"]
[EventCountry "GER"]
[SourceTitle "CBM 172 Extra"]
[Source "ChessBase"]
[SourceDate "2016.06.21"]
[SourceVersion "1"]
[SourceVersionDate "2016.06.21"]
[SourceQuality "1"]

1. c4 Nf6 2. g3 d5 3. Bg2 c5 4. Nf3 Nc6 5. 0-0 e5 6. cxd5 Nxd5 7. Nc3 Nc7 8. d3 Be7 9. Be3 Bd7 10. Qb3 b6 11. Nd5 Bd6 12. Ng5 0-0 13. Nxc7 Bxc7 14. Bd5 Qe7 15. a3 h6 16. Ne4 Rad8 17. Nc3 Nd4 18. Qd1 Bb8 19. Re1 Bh3 20. Bg2 Be6 21. Bxd4 Rxd4 22. Qc2 Qd7 23. Red1 Rd8 24. Bf1 Bg4 25. b3 h5 26. h4 Qe6 27. Ne4 Bf5 28. Ng5 Qe7 29. Bg2 f6 30. Nf3 R4d7 31. Nd2 Be6 32. Nc4 Qf7 33. Rab1 Bc7 34. Ne3 Bd6 35. Bc6 Rc7 36. Be4 f5 37. Bf3 f4 38. Nc4 fxg3 39. fxg3 Qg6 40. Kh2 e4 41. Nxd6 exf3 42. Ne4 fxe2 43. Re1 Bg4 44. Qc4+ Kh8 45. b4 Rd4 46. Qc3 Qf7 47. Kg1 Qf3 0-1

[Event "Pyramiden Franken Cup"]
[Site "Fuerth"]
[Date "2015.09.06"]
[Round "7"]
[White "Knoblauch, Leonhard"]
[Black "Troyke, Doreen"]
[Result "0-1"]
[WhiteElo "2177"]
[BlackElo "2074"]
[PlyCount "62"]
[EventDate "2015.09.03"]
[EventType "swiss"]
[EventRounds "7"]
[EventCountry "GER"]
[SourceTitle "EXT 2016"]
[Source "ChessBase"]
[SourceDate "2015.10.08"]
[SourceVersion "1"]
[SourceVersionDate "2015.10.08"]
[SourceQuality "1"]

1. e4 c5 2. Nf3 d6 3. d4 cxd4 4. Nxd4 Nf6 5. Nc3 a6 6. Bg5 e6 7. f4 Be7 8. Qf3 Nbd7 9. 0-0-0 Qc7 10. f5 Ne5 11. Qh3 Nfg4 12. Bxe7 Qxe7 13. Be2 Qg5+ 14. Kb1 Nf2 15. Nf3 Qf6 16. Qg3 Nxh1 17. Rxh1 0-0 18. Qf4 Ng6 19. Qe3 exf5 20. Nd5 Qd8 21. exf5 Bxf5 22. Nd4 Re8 23. Qb3 Be4 24. Rf1 Ne5 25. Bh5 Bxd5 26. Qxd5 g6 27. Be2 Qc7 28. Nb3 Qc6 29. Qd4 Qxg2 30. Qd1 Qxh2 31. Nd2 d5 0-1

[Event "BL2 Ost 1415 (Women)"]
[Site "Germany"]
[Date "2014.11.30"]
[Round "4.1"]
[White "Mai, Iris"]
[Black "Troyke, Doreen"]
[Result "1/2-1/2"]
[WhiteElo "2116"]
[BlackElo "2077"]
[PlyCount "75"]
[EventDate "2014.09.27"]
[EventType "team-tourn"]
[EventRounds "7"]
[EventCountry "GER"]
[SourceTitle "CBM 166 Extra"]
[Source "ChessBase"]
[SourceDate "2015.06.18"]
[SourceVersion "1"]
[SourceVersionDate "2015.06.18"]
[SourceQuality "1"]
[WhiteTeam "Berlin Rotation (W)"]
[BlackTeam "Erfurt Medizin (W)"]
[WhiteTeamCountry "GER"]
[BlackTeamCountry "GER"]

1. d4 d5 2. c4 e6 3. Nf3 Nf6 4. Nc3 Be7 5. Bg5 0-0 6. e3 c6 7. Bd3 Nbd7 8. 0-0 b6 9. cxd5 exd5 10. Qc2 h6 11. Bh4 Bb7 12. Rac1 c5 13. Bf5 Re8 14. Rfd1 a6 15. dxc5 bxc5 16. Qb3 Nb6 17. Bb1 Qc7 18. Ne2 Rac8 19. Ned4 g6 20. Ne2 Ne4 21. Bxe4 Bxh4 22. Bb1 Bf6 23. Qc2 Nc4 24. b3 Na3 25. Qd2 Nxb1 26. Rxb1 Qe7 27. Ng3 h5 28. b4 h4 29. Nf1 d4 30. bxc5 Bxf3 31. gxf3 dxe3 32. fxe3 Qxc5 33. Rb3 Qf5 34. e4 Qc5+ 35. Qf2 Qg5+ 36. Qg2 Qc5+ 37. Qf2 Qg5+ 38. Qg2 1/2-1/2

[Event "BL2 Ost 1415 (Women)"]
[Site "Germany"]
[Date "2014.11.29"]
[Round "3.1"]
[White "Troyke, Doreen"]
[Black "Sommaro, Katja"]
[Result "1-0"]
[WhiteElo "2077"]
[BlackElo "2114"]
[PlyCount "99"]
[EventDate "2014.09.27"]
[EventType "team-tourn"]
[EventRounds "7"]
[EventCountry "GER"]
[SourceTitle "CBM 166 Extra"]
[Source "ChessBase"]
[SourceDate "2015.06.18"]
[SourceVersion "1"]
[SourceVersionDate "2015.06.18"]
[SourceQuality "1"]
[WhiteTeam "Erfurt Medizin (W)"]
[BlackTeam "Berlin Empor (W)"]
[WhiteTeamCountry "GER"]
[BlackTeamCountry "GER"]

1. c4 Nf6 2. g3 c5 3. Bg2 g6 4. Nc3 Bg7 5. Nf3 Nc6 6. 0-0 0-0 7. d3 d6 8. Rb1 Rb8 9. a3 Ne8 10. Bd2 h6 11. b4 b6 12. Qc1 Kh7 13. b5 Ne5 14. Nxe5 dxe5 15. a4 f5 16. a5 Bb7 17. axb6 axb6 18. Ra1 Nd6 19. Ra7 Rf7 20. Qc2 e6 21. Rfa1 e4 22. R1a3 Rd7 23. Nd1 exd3 24. exd3 Nf7 25. Bxb7 Rbxb7 26. Ra8 Qe7 27. Bc3 Ng5 28. Qe2 f4 29. h4 f3 30. Qe3 Bd4 31. Bxd4 cxd4 32. Qe5 Nf7 33. Qe4 Qf6 34. Qc6 g5 35. h5 g4 36. Re8 Re7 37. Raa8 Qe5 38. Rxe7 Rxe7 39. Qc8 Qg7 40. Qc6 Qe5 41. Qc8 Qg7 42. Nb2 Ng5 43. Na4 Rb7 44. Qe8 Re7 45. Qg6+ Qxg6 46. hxg6+ Kxg6 47. Nxb6 e5 48. Nd5 Rd7 49. Ra6+ Kf5 50. Rf6# 1-0

[Event "Wunsiedel op 7th"]
[Site "Wunsiedel"]
[Date "2013.05.09"]
[Round "1"]
[White "Troyke, Doreen"]
[Black "Maiwald, Jens Uwe"]
[Result "0-1"]
[WhiteElo "2119"]
[BlackElo "2466"]
[PlyCount "144"]
[EventDate "2013.05.09"]
[EventType "swiss"]
[EventRounds "7"]
[EventCountry "GER"]
[SourceTitle "CBM 154 Extra"]
[Source "ChessBase"]
[SourceDate "2013.06.25"]
[SourceVersion "2"]
[SourceVersionDate "2013.06.25"]
[SourceQuality "1"]

1. c4 g6 2. g3 Bg7 3. Bg2 d6 4. Nc3 e5 5. e3 f5 6. Nge2 Nf6 7. 0-0 0-0 8. d3 c6 9. f4 Be6 10. Rb1 Re8 11. b3 Na6 12. Qc2 exf4 13. Nxf4 d5 14. cxd5 Nb4 15. Qd2 Bxd5 16. Ncxd5 Nbxd5 17. Nxd5 Nxd5 18. Bxd5+ Qxd5 19. Bb2 Bxb2 20. Rxb2 Rad8 21. Rd1 Qf3 22. Re1 Rd7 23. Rc2 Rde7 24. Qf2 Qd5 25. Qd2 Rd7 26. Rd1 h5 27. Rc4 Qe5 28. Kf2 Kh7 29. Qe2 Re6 30. Qf3 Qb2+ 31. Qe2 Qxe2+ 32. Kxe2 Rde7 33. e4 fxe4 34. dxe4 Rxe4+ 35. Rxe4 Rxe4+ 36. Kf3 Re7 37. Kf4 Rf7+ 38. Ke4 Kh6 39. h4 Rf2 40. a4 Rb2 41. Rd3 b5 42. Kd4 bxa4 43. bxa4 Rb4+ 44. Kc5 Rxa4 45. Kxc6 Rb4 46. Ra3 a6 47. Kc5 a5 48. Kd6 a4 49. Ke5 Kg7 50. Kd5 Kh6 51. Ke5 g5 52. hxg5+ Kxg5 53. Kd5 Kg4 54. Ke5 Rb5+ 55. Kf6 Ra5 56. Ke6 Kh3 57. Kf6 Kg2 58. Ke6 Kf2 59. Kd6 Ra8 60. Kc6 Rf8 61. Kd5 Rf5+ 62. Kd6 Ra5 63. Kc6 Ra8 64. Kd6 Ra5 65. Kc6 Rf5 66. Kd6 Rf3 67. Rxa4 Kxg3 68. Ra5 h4 69. Rh5 h3 70. Rh8 h2 71. Rg8+ Kf2 72. Rh8 Kg2 0-1

[Event "BL2 Ost 1213 (Women)"]
[Site "Germany"]
[Date "2012.10.07"]
[Round "2.3"]
[White "Troyke, Doreen"]
[Black "Matras Clement, Agnieszka"]
[Result "0-1"]
[WhiteElo "2100"]
[BlackElo "2258"]
[PlyCount "80"]
[EventDate "2012.10.06"]
[EventType "team-tourn"]
[EventRounds "7"]
[EventCountry "GER"]
[SourceTitle "EXT 2018"]
[Source "ChessBase"]
[SourceDate "2017.10.13"]
[SourceVersion "1"]
[SourceVersionDate "2017.10.13"]
[SourceQuality "1"]
[WhiteTeam "Erfurt Medizin (W)"]
[BlackTeam "Leipzig WBA (W)"]
[WhiteTeamCountry "GER"]
[BlackTeamCountry "GER"]

1. c4 c6 2. g3 d5 3. Nf3 Nf6 4. Bg2 Bf5 5. 0-0 e6 6. b3 Be7 7. Bb2 0-0 8. d4 Nbd7 9. Nbd2 Ne4 10. Nxe4 Bxe4 11. Nd2 Bxg2 12. Kxg2 a5 13. Qc2 a4 14. Rac1 axb3 15. axb3 Qb6 16. Ra1 Bf6 17. e3 Rfc8 18. Rfc1 h6 19. cxd5 exd5 20. Qf5 Nf8 21. Ba3 Qb5 22. Bc5 Ne6 23. Bd6 Qe2 24. Nf3 Ra2 25. Rxa2 Qxa2 26. Ne5 Bxe5 27. Bxe5 Ra8 28. b4 Qe2 29. Rb1 b5 30. h4 Ra2 31. Qf3 Qc2 32. Rf1 Ra4 33. Bd6 Ra3 34. Qg4 Rxe3 35. Ra1 Qe4+ 36. Qxe4 Rxe4 37. Ra8+ Kh7 38. Ra7 Kg6 39. h5+ Kxh5 40. Rxf7 Kg6 0-1